УК в схемах. Общая часть (Запись № 13664932)
[ простой вид ]
| 000 -МАРКЕР | |
|---|---|
| контрольное поле | 02193nam0a2200409 4500 |
| 001 - ИДЕНТИФИКАТОР ЗАПИСИ | |
| контрольное поле | RU\NLR\BIBL_A\022318041 |
| 005 - ИДЕНТИФИКАТОР ВЕРСИИ | |
| контрольное поле | 20260420014426.0 |
| 010 ## - МЕЖДУНАРОДНЫЙ СТАНДАРТНЫЙ НОМЕР КНИГИ (ISBN) | |
| Номер (ISBN) | 978-5-392-40070-6 |
| Тираж | 2000 |
| 021 ## - НОМЕР ГОСУДАРСТВЕННОЙ РЕГИСТРАЦИИ | |
| Код страны | Российская Федерация |
| Номер | КН-П-24-043475 |
| Номер Листа государственной регистраци | КН-П-24-4330 |
| 035 ## - ДРУГИЕ СИСТЕМНЫЕ НОМЕРА | |
| Идентификатор записи | (NLR Aleph) 022318041 |
| 100 ## - ДАННЫЕ ОБЩЕЙ ОБРАБОТКИ | |
| Данные общей обработки | 20240911d2024 u y0rusy50 ca |
| 101 0# - ЯЗЫК РЕСУРСА | |
| Язык текста, звукозаписи и т.д. | русский |
| Язык резюме | английский |
| 102 ## - СТРАНА ПУБЛИКАЦИИ ИЛИ ПРОИЗВОДСТВА | |
| Страна публикации | Российская Федерация |
| 105 ## - ПОЛЕ КОДИРОВАННЫХ ДАННЫХ: ТЕКСТОВЫЕ МАТЕРИАЛЫ, МОНОГРАФИЧЕСКИЕ | |
| Кодированные данные о монографическом текстовом документе | a n 000yy |
| 181 #0 - ПОЛЕ КОДИРОВАННЫХ ДАННЫХ: ВИД СОДЕРЖАНИЯ | |
| Код вида содержания (ISBD) | i3 |
| Код характеристики содержания (ISBD) | axxe |
| 182 #1 - ПОЛЕ КОДИРОВАННЫХ ДАННЫХ: ТИП СРЕДСТВА | |
| Код типа средства (ISBD) | n - непосредственное |
| 200 1# - ЗАГЛАВИЕ И СВЕДЕНИЯ ОБ ОТВЕТСТВЕННОСТИ | |
| Основное заглавие | УК в схемах. Общая часть |
| Параллельное заглавие | Criminal code in schemes. General part |
| Сведения, относящиеся к заглавию | альбом |
| Первые сведения об ответственности | Л. В. Глазкова, В. Ю. Голубовский |
| Последующие сведения об ответственности | под общей редакцией доктора юридических наук, профессора В. Ю. Голубовского |
| Язык параллельного заглавия | английский |
| 203 ## - ВИД СОДЕРЖАНИЯ И ТИП СРЕДСТВА | |
| Вид содержания | Текст |
| Дополнительные сведения об издании | визуальный |
| Тип средства | непосредственный |
| 210 ## - ПУБЛИКАЦИЯ, РАСПРОСТРАНЕНИЕ И ДР. | |
| Место издания, распространения и т.д. | Москва |
| Имя издателя, распространителя и т. д. | Проспект |
| Дата издания, распространения и т.д. | 2024 |
| 215 ## - ФИЗИЧЕСКАЯ ХАРАКТЕРИСТИКА | |
| Специфическое обозначение материала и объем | 149, [1] с. |
| Другие сведения о физической характеристике | ил. |
| Размеры | 17x24 |
| 300 ## - ОБЩИЕ ПРИМЕЧАНИЯ | |
| Текст примечания | Авт. также англ.: L. V. Glazkova, V. Yu. Golubovskiy |
| 300 ## - ОБЩИЕ ПРИМЕЧАНИЯ | |
| Текст примечания | На обороте тит. с. авт.: Глазкова Л. В., канд. юрид. наук, доц., Голубовский В. Ю., д-р юрид. наук, проф. |
| 300 ## - ОБЩИЕ ПРИМЕЧАНИЯ | |
| Текст примечания | Рез. англ. |
| 510 1# - ПАРАЛЛЕЛЬНОЕ ЗАГЛАВИЕ | |
| Связь между полями | z11790 |
| Параллельное заглавие | Criminal code in schemes. General part |
| Язык заглавия | английский |
| 606 1# - НАИМЕНОВАНИЕ ТЕМЫ КАК ПРЕДМЕТ | |
| Наименование темы | Уголовное право |
| Формальный подзаголовок | Схемы |
| Тематический подзаголовок | Общая часть |
| Географический подзаголовок | Российская Федерация |
| Системный номер авторитетной/нормативной записи | 2078722 |
| Идентификатор авторитетной/нормативной записи | RU\NLR\AUTH\661254586 |
| 686 1# - ИНДЕКСЫ ДРУГИХ КЛАССИФИКАЦИЙ | |
| Индекс | Х628.1я73 |
| 700 #1 - ИМЯ ЛИЦА - ПЕРВИЧНАЯ ОТВЕТСТВЕННОСТЬ | |
| Начальный элемент ввода | Глазкова |
| Часть имени, кроме начального элемента ввода | Л. В. |
| Расширение инициалов личного имени | Лилия Владимировна |
| 701 #1 - ИМЯ ЛИЦА - АЛЬТЕРНАТИВНАЯ ОТВЕТСТВЕННОСТЬ | |
| Графика поля | Кириллица |
| Материалы, к которым относится поле | rus |
| Начальный элемент ввода | Голубовский |
| Часть имени, кроме начального элемента ввода | В. Ю. |
| Дополнения к именам, кроме дат | д-р юрид. наук |
| Расширение инициалов личного имени | Владимир Юрьевич |
| Системный номер авторитетной/нормативной записи | 206059 |
| Идентификатор авторитетной/нормативной записи | RU\NLR\AUTH\770206111 |
| 742 #1 - УСЛОВНОЕ НАИМЕНОВАНИЕ / ЗАГЛАВИЕ ДЛЯ ЗАКОНОДАТЕЛЬНЫХ И РЕЛИГИОЗНЫХ ТЕКСТОВ - ВТОРИЧНАЯ ОТВЕТСТВЕННОСТЬ | |
| Начальный элемент ввода | Российская Федерация |
| Название раздела или части | Уголовный кодекс |
| Обозначение вида документа | Законы |
| -- | 425372 |
| Идентификатор авторитетной/нормативной записи | RU\NLR\AUTH\880379491 |
| 790 #1 - ИМЯ ЛИЦА - АЛЬТЕРНАТИВНАЯ ФОРМА | |
| Связь между полями | z11 |
| Начальный элемент ввода | Glazkova |
| Часть имени, кроме начального элемента ввода | L. V. |
| Расширение инициалов личного имени | Lilija Vladimirovna |
| 790 #1 - ИМЯ ЛИЦА - АЛЬТЕРНАТИВНАЯ ФОРМА | |
| Графика поля | Латинская |
| Материалы, к которым относится поле | rus |
| Начальный элемент ввода | Golubovskij |
| Часть имени, кроме начального элемента ввода | V. J. |
| Дополнения к именам, кроме дат | д-р юрид. наук |
| Расширение инициалов личного имени | Vladimir Jur'evič |
| Системный номер авторитетной/нормативной записи | 206060 |
| Идентификатор авторитетной/нормативной записи | RU\NLR\AUTH\770206112 |
| 942 ## - ДОПОЛНИТЕЛЬНЫЕ ЭЛЕМЕНТЫ ЗАПИСИ (АБИС) | |
| Тип экземпляра АБИС | Книга |
| 980 ## - КОЛЛЕКЦИЯ | |
| Название коллекции | Национальная библиография |
Нет доступных экземпляров.